Southville International School and Colleges
Your cart is empty.
  • Cart
  • Lists
    Public lists Eva Luna New books Lux_list list_1
    Your lists Log in to create your own lists
  • Log in to your account
  • Your cookies
  • Search history
Southville International School and Colleges
  • Advanced search
  • Recent comments
  • Most popular
  • Libraries

Log in to your account

Log in with GOOGLE


If you do not have an external account, but do have a local account, you can still log in:

  1. Home
  2. MARC view: The three investigators :
Normal view MARC view ISBD view

The three investigators : (Record no. 10723)

[ view plain ]
MARC details
000 -LEADER
fixed length control field 00574nam a22002057a 4500
003 - CONTROL NUMBER IDENTIFIER
control field PILC
005 - DATE AND TIME OF LATEST TRANSACTION
control field 20160317145900.0
008 - FIXED-LENGTH DATA ELEMENTS--GENERAL INFORMATION
fixed length control field 121115t xxu||||| |||| 00| 0 eng d
020 ## - INTERNATIONAL STANDARD BOOK NUMBER
International Standard Book Number 9780752509570
050 ## - LIBRARY OF CONGRESS CALL NUMBER
Classification number PZ 7
Item number .Ar676 1996
082 ## - DEWEY DECIMAL CLASSIFICATION NUMBER
Classification number FIC T41
Item number d 1996
100 ## - MAIN ENTRY--PERSONAL NAME
Personal name Arden, William
9 (RLIN) 17465
245 ## - TITLE STATEMENT
Title The three investigators :
Remainder of title we investigate anything
Statement of responsibility, etc Rough Stuff
260 ## - PUBLICATION, DISTRIBUTION, ETC. (IMPRINT)
Place of publication, distribution, etc London
Name of publisher, distributor, etc Parragon Book Service Limited
Date of publication, distribution, etc 1996
300 ## - PHYSICAL DESCRIPTION
Size of unit 288 p.,
Dimensions 18 cm.
650 ## - SUBJECT ADDED ENTRY--TOPICAL TERM
Topical term or geographic name as entry element Detective stories.
9 (RLIN) 17466
942 ## - ADDED ENTRY ELEMENTS (KOHA)
Source of classification or shelving scheme Library of Congress Classification
Koha item type Books
Holdings
Withdrawn status Lost status Source of classification or shelving scheme Damaged status Home library Current library Shelving location Date acquired Total Checkouts Full call number Barcode Date last seen Copy number Price effective from Koha item type
    Library of Congress Classification   Luxembourg Library Luxembourg Library Fiction Section 09/09/2013   PZ 7 .Ar676 1996 4805 08/06/2015 1 09/09/2013 Books
    Library of Congress Classification   Luxembourg Library Luxembourg Library Fiction Section 09/09/2013   PZ 7 .Ar676 1996 4785 01/13/2015 2 09/09/2013 Books

The three investigators :

APA

Arden, . (1996). The three investigators. London: Parragon Book Service Limited.

Chicago

Arden, . 1996. The three investigators. London: Parragon Book Service Limited.

Harvard

Arden, . (1996). The three investigators. London: Parragon Book Service Limited.

MLA

Arden, . The three investigators. London: Parragon Book Service Limited. 1996.

  • Place hold
  • Print
  • Cite
  • Add to your cart (remove)
  • Save record
    BIBTEX Dublin Core MARCXML MARC (non-Unicode/MARC-8) MARC (Unicode/UTF-8) MARC (Unicode/UTF-8, Standard) MODS (XML) RIS
  • More searches
    Search for this title in:
    Other Libraries (WorldCat) Other Databases (Google Scholar) Online Stores (Bookfinder.com) Open Library (openlibrary.org)

Exporting to Dublin Core...

SOUTHVILLE LIBRARY

Southville International School and Colleges Library

1281 Tropical Ave. Cor. Luxembourg St., BF Homes International, Las Pinas City

Tel. No. 8256374 / 252358 Loc. 117/146

Powered by Koha